00591nam a2200181Ia 4500008004100000020001500041041001200056082001100068100001400079245005600093260003300149300000800182650002100190700001300211942000700224999001500231952016300246221030s9999 xx 000 0 und d a8173662118 aEnglish a105.23 aK. Avedal 0aProfessional JSP Java Server Pages ( DEPARTMENTAL ) bShroff Pub.aNew Delhic2000 a897 aCSE Departmental aD. Ayers cBK c5612d5612 pBE 9471g500.00l0o105.23 r2024-06-13 00:00:00w2022-10-30yBK003Print4070aMIETLIBbMIETLIBcBL-Departmental, FL-1, CUP-0, SH-0, R-0d2008-03-1210HBE